संयुक्त राष्ट्र का चार्टर और अंतरराष्ट्रीय न्यायालय का संविधान: (Record no. 40086)

MARC details
000 -LEADER
fixed length control field 01321nam a22002417a 4500
005 - DATE AND TIME OF LATEST TRANSACTION
control field 2010080709269.0
010 ## - LCCN (DPL NO)
LC control number HIN-90057
020 ## - INTERNATIONAL STANDARD BOOK NUMBER
Terms of availability 95.00
International Standard Book Number 9788120340466
035 ## - SYSTEM CONTROL NUMBER
System control number HN-62403
037 ## - SOURCE OF ACQUISITION
Source of stock number/acquisition DBAD / PUB
082 ## - DEWEY DECIMAL CLASSIFICATION NUMBER
Classification number 341.23
100 ## - MAIN ENTRY--PERSONAL NAME
Personal name शर्मा, ब्रजकिशोर
245 ## - TITLE STATEMENT
Title संयुक्त राष्ट्र का चार्टर और अंतरराष्ट्रीय न्यायालय का संविधान:
Statement of responsibility, etc ब्रजकिशोर शर्मा
Remainder of title सुरक्षा परिषद में मतदान प्रक्रिया सहित /
246 ## - VARYING FORM OF TITLE
Title proper/short title Sanyukt Rashra Ka Charter Aur Antarrashtriya Nyayalaya Ka Sanvidhan
Remainder of title by Braj Kishore Sharma
260 ## - PUBLICATION, DISTRIBUTION, ETC. (IMPRINT)
Place of publication, distribution, etc नई दिल्ली
Name of publisher, distributor, etc पीएचएल लर्निंग
Date of publication, distribution, etc 2010
270 ## - ADDRESS
Address एम-97, क्नॉट सर्कस
City नई दिल्ली
Postal code 110001
300 ## - PHYSICAL DESCRIPTION
Extent 88पृ
Dimensions 22सेमी (अजिल्द)
700 ## - ADDED ENTRY--PERSONAL NAME
9 (RLIN) 7228
700 ## - ADDED ENTRY--PERSONAL NAME
9 (RLIN) 7267
700 ## - ADDED ENTRY--PERSONAL NAME
9 (RLIN) 7698
942 ## - ADDED ENTRY ELEMENTS (KOHA)
Institution code [OBSOLETE] dpl
Item type Hindi Books
Call number prefix
Source of classification or shelving scheme Dewey Decimal Classification
Call number suffix शर्माब्र
Classification part 341.23
Holdings
Withdrawn status Lost status Not for loan Collection code Home library Current library Date acquired Source of acquisition Cost, normal purchase price Full call number Barcode Copy number Cost, replacement price Koha item type
    Not For Loan Non-fiction D.B.Act.Division D.B.Act.Division 07/08/2010 DBAD / PUB 95.00 341.23 शर्माब्र HN-62403 1 95.00 Hindi Books

© Delhi Public Library
Hit Counter
free hit counter